| 000 | 00636nam a2200193Ia 4500 | ||
|---|---|---|---|
| 003 | SISC | ||
| 005 | 20170313145149.0 | ||
| 008 | 140609s9999 xx 000 0 und d | ||
| 020 | _a9780071318198 | ||
| 050 |
_aHF 5549 _b.C2975 2013 |
||
| 100 | _aCascio, Wayne F. | ||
| 245 |
_aManaging human resources : _bproductivity, quality of work life, profits / _cWayne F. Cascio. |
||
| 250 | _a9th edition. | ||
| 260 |
_aNew York, NY : _bMcGraw-Hill/Irwin, _c2013. |
||
| 300 |
_a736 pages : _billustrations ; _c26 cm. |
||
| 500 | _aIncludes bibliographical references, glossary and index. | ||
| 942 |
_kFOR _cBK _2lcc |
||
| 999 |
_c117939 _d117939 |
||